Bravemouth: living with Billy Connolly

Spremljeno u:
Bibliografski detalji
Glavni autor: Stephenson, Pamela (Autor)
Format: Knjiga
Jezik:engleski
Izdano: Londres Headline 2003
Teme:
Oznake: Dodaj oznaku
Bez oznaka, Budi prvi tko označuje ovaj zapis!

MARC

LEADER 00000cam a2200000 a 4500
001 UCF5121
003 CL-VaPUC
008 130117e20030000UK |||||||||||||||||eng|d
020 |a 075531283X 
082 0 4 |a 927.79223  |b STE  |2 21 
100 0 |a Stephenson, Pamela  |e author  |9 566850 
245 1 0 |a Bravemouth: living with Billy Connolly 
300 |a 241 p 
942 |c BK 
945 |d 20130117 00:00:00  |a dcastane 
260 |a Londres  |b Headline  |c 2003 
650 0 |a Biografías  |9 255210 
650 7 |a COMEDIAS  |2 CL-VaPUC  |9 420077 
583 |a last modification  |c 20130117 11:37:00  |k Rodrigo Vera 
999 |c 350730  |d 350728 
952 |0 0  |1 0  |4 0  |6 927_792230000000000_STE_2003  |7 0  |8 A  |9 454306  |a BIBEDU  |b BIBEDU  |d 2019-11-22  |i 4841697  |o 927.79223 STE 2003  |p 4841697  |r 2019-11-22  |w 2019-11-22  |y BK  |k LIT